[Event "Rated Blitz game"]
[Site "?"]
[Date "2021.10.17"]
[Round "?"]
[White "Jazzyjef"]
[Black "RCompany_1"]
[Result "1-0"]
[WhiteElo "2596"]
[BlackElo "2453"]
[PlyCount "111"]
[EventDate "2021.??.??"]
[EventType "blitz"]

1. e4 e5 2. Nf3 d5 3. d3 Nc6 4. Qe2 Bg4 5. c3 Nf6 6. h3 Bh5 7. Bg5 Be7 8. Nbd2
h6 9. Bh4 Qd6 10. g4 Bg6 11. Bg2 O-O-O 12. O-O Rhe8 13. Rad1 h5 14. g5 Nh7 15.
Rfe1 f6 16. gxf6 gxf6 17. Bg3 d4 18. Nc4 Qd7 19. Nh4 Bf7 20. Nf5 Bc5 21. b4 Bf8
22. b5 Ne7 23. cxd4 Nxf5 24. exf5 Qxd4 25. h4 Bc5 26. Qf3 Bd5 27. Qxh5 Rh8 28.
Bxd5 Qxd5 29. Qe2 Ng5 30. Ne3 Nf3+ 31. Kf1 Bxe3 32. Qxe3 Nxe1 33. Kxe1 Qxa2 34.
Qc5 Rd5 35. Qc3 Rhd8 36. Rc1 c6 37. bxc6 b6 38. c7 R8d7 39. Qc6 Qa5+ 40. Kf1
Rc5 41. Rxc5 Qxc5 42. Qa8+ Kxc7 43. Qxa7+ Kd6 44. Qb8+ Rc7 45. Qf8+ Kc6 46.
Qxf6+ Kb7 47. Qxe5 Qc1+ 48. Kg2 Rc2 49. Qb8+ Ka6 50. Qa8+ Kb5 51. Qd5+ Rc5 52.
Qb3+ Kc6 53. Qe6+ Kb5 54. f6 Qh6 55. Qe8+ Ka6 56. f7 {Time forfeit} 1-0

[Event "Rated Blitz game"]
[Site "?"]
[Date "2021.10.17"]
[Round "?"]
[White "walalapop"]
[Black "Sdjordje12345_s"]
[Result "1-0"]
[WhiteElo "2417"]
[BlackElo "2396"]
[PlyCount "137"]
[EventDate "2021.??.??"]
[EventType "blitz"]

1. e4 e5 2. Nf3 d5 3. Nxe5 Qe7 4. d4 f6 5. Nf3 dxe4 6. Nfd2 Nc6 7. Nb3 Be6 8.
Be2 O-O-O 9. Be3 f5 10. g3 g5 11. Nc3 Bg7 12. Bb5 Ne5 13. Be2 g4 14. O-O Nf3+
15. Bxf3 gxf3 16. Nc5 h5 17. Qc1 Bh6 18. d5 Bxd5 19. Nxd5 Rxd5 20. b4 Nf6 21.
c4 Rxc5 22. bxc5 Ng4 23. Rb1 h4 24. c6 hxg3 25. cxb7+ Kd7 26. Rd1+ Ke6 27. hxg3
Bxe3 28. fxe3 f2+ 29. Kf1 Qc5 30. b8=Q Rh1+ 31. Ke2 Rxd1 32. Qg8+ Ke7 33. Qg7+
Ke6 34. Qg6+ Ke7 35. Qg5+ Kf7 36. Qxd1 f1=Q+ 37. Kxf1 Nxe3+ 38. Qxe3 Qxe3 39.
Qd5+ Kg6 40. Re1 Qf3+ 41. Kg1 Qxg3+ 42. Kf1 Qf3+ 43. Kg1 Kg5 44. Qg8+ Kf4 45.
Rf1 Qxf1+ 46. Kxf1 Ke3 47. Ke1 f4 48. Qg4 f3 49. Qg5+ Kd3 50. Kf2 Kxc4 51. Qe3
Kd5 52. a4 c5 53. a5 a6 54. Qb3+ c4 55. Qb6 c3 56. Qxa6 c2 57. Qc8 Kd4 58. Qxc2
e3+ 59. Kxf3 e2 60. Qxe2 Kd5 61. a6 Kd4 62. a7 Kc5 63. a8=Q Kd4 64. Qae8 Kc5
65. Qd7 Kb4 66. Qee6 Kc5 67. Qec6+ Kb4 68. Qdb7+ Ka3 69. Qca6# {Normal} 1-0

[Event "Rated Blitz tournament ujfxY2bk"]
[Site "?"]
[Date "2021.10.17"]
[Round "?"]
[White "WenlanGm1"]
[Black "Jake_Tumaliuan"]
[Result "0-1"]
[WhiteElo "2444"]
[BlackElo "2300"]
[PlyCount "98"]
[EventDate "2021.??.??"]
[EventType "blitz"]

1. e4 e5 2. Nf3 d5 3. exd5 e4 4. Nd4 Nf6 5. d3 Qxd5 6. Nb3 Bd6 7. Nc3 Qe5 8.
dxe4 Nxe4 9. Nxe4 Qxe4+ 10. Qe2 Bf5 11. Qxe4+ Bxe4 12. c3 Nc6 13. f3 Bg6 14.
Kf2 O-O-O 15. Be3 Rhe8 16. Bc4 Ne5 17. Be2 b6 18. Rad1 c5 19. h4 h5 20. Nd2 Bf8
21. Nc4 Nd3+ 22. Kf1 Kc7 23. b3 b5 24. Nd2 a6 25. Ne4 c4 26. bxc4 bxc4 27. Bg1
f5 28. Bh2+ Kc6 29. Ng5 Bc5 30. f4 Be3 31. Bxd3 Rxd3 32. Rxd3 cxd3 33. Nf3 Rb8
34. Ne5+ Kd5 35. Nf3 Ke4 36. Ne1 Rb1 37. g3 Bf7 38. Kg2 Bd5 39. Nf3 Rb2+ 40.
Kh3 Kxf3 41. Rf1+ Bf2 42. Rd1 Re2 43. Rxd3+ Ke4 44. Rd1 Bc4 45. Rd4+ Bxd4 46.
cxd4 Rxa2 47. g4 Bf1+ 48. Kg3 hxg4 49. Bg1 Rg2# {Normal} 0-1

[Event "Rated Blitz game"]
[Site "?"]
[Date "2021.10.17"]
[Round "?"]
[White "ljdr"]
[Black "Annali-annaliew1979"]
[Result "1-0"]
[WhiteElo "2505"]
[BlackElo "2498"]
[PlyCount "42"]
[EventDate "2021.??.??"]
[EventType "blitz"]

1. e4 e5 2. Nf3 d5 3. exd5 e4 4. Qe2 f5 5. d3 Nf6 6. Nbd2 Be7 7. dxe4 fxe4 8.
Nxe4 Nxe4 9. Qxe4 O-O 10. Be3 Bd6 11. O-O-O Bf5 12. Qd4 Nd7 13. Bd3 Bxd3 14.
Qxd3 Qf6 15. Ng5 Qg6 16. Qxg6 hxg6 17. Ne6 Rf7 18. h4 b6 19. h5 gxh5 20. Rxh5
Re8 21. Rdh1 Rf5 {Normal} 1-0

[Event "Rated Blitz game"]
[Site "?"]
[Date "2021.10.17"]
[Round "?"]
[White "Tkachenko_Dmitry"]
[Black "Benny_Watts_2005"]
[Result "1-0"]
[WhiteElo "2416"]
[BlackElo "2402"]
[PlyCount "53"]
[EventDate "2021.??.??"]
[EventType "blitz"]

1. e4 e5 2. Nf3 d5 3. Nxe5 Bd6 4. d4 dxe4 5. Nc4 Nc6 6. Nxd6+ Qxd6 7. c3 Nf6 8.
Be2 Bd7 9. Nd2 O-O-O 10. Nc4 Qe7 11. Bf4 Nd5 12. Bg3 f5 13. Ne5 f4 14. Nxd7
Rxd7 15. Bg4 fxg3 16. Bxd7+ Kxd7 17. Qg4+ Kd8 18. Qxg3 e3 19. O-O e2 20. Rfe1
Re8 21. Rac1 Nf6 22. Rc2 Nh5 23. Qf3 Qe4 24. Rcxe2 Qxf3 25. Rxe8+ Kd7 26. gxf3
Nf6 27. Rh8 {Normal} 1-0

[Event "Rated Blitz tournament bI29ro7P"]
[Site "?"]
[Date "2021.10.17"]
[Round "?"]
[White "TCC_STAR_969"]
[Black "Tiger-TCc"]
[Result "1/2-1/2"]
[WhiteElo "2452"]
[BlackElo "2506"]
[PlyCount "22"]
[EventDate "2021.??.??"]
[EventType "blitz"]

1. e4 e5 2. Nf3 d5 3. Nxe5 Bd6 4. d4 dxe4 5. Nc3 Bxe5 6. dxe5 Qxd1+ 7. Kxd1 Nc6
8. Nxe4 Bf5 9. Ng3 O-O-O+ 10. Bd2 Bd7 11. f4 f6 {Normal} 1/2-1/2

[Event "Rated Blitz tournament eDRMeYv9"]
[Site "?"]
[Date "2021.10.17"]
[Round "?"]
[White "ImatSuhermatMN"]
[Black "Rikoboy"]
[Result "1-0"]
[WhiteElo "2398"]
[BlackElo "2425"]
[PlyCount "133"]
[EventDate "2021.??.??"]
[EventType "blitz"]

1. e4 e5 2. Nf3 d5 3. exd5 e4 4. Qe2 Nf6 5. Ng5 Qxd5 6. d3 Bb4+ 7. c3 O-O 8.
dxe4 Qc6 9. Nd2 Ba5 10. Qb5 Qxb5 11. Bxb5 c6 12. Bc4 h6 13. Ngf3 Re8 14. O-O
Nxe4 15. Re1 Nd6 16. Rxe8+ Nxe8 17. Ne4 Nd7 18. Bf4 b5 19. Bb3 Bb6 20. Re1 Ndf6
21. Nxf6+ Nxf6 22. Re7 Be6 23. Bxe6 fxe6 24. Rxe6 Rc8 25. h3 Kf7 26. Re2 Nd5
27. Bg3 c5 28. Ne5+ Kg8 29. Rd2 Nf6 30. Nd7 Ne4 31. Re2 Nxg3 32. fxg3 Bc7 33.
Nxc5 Bxg3 34. Ne4 Bc7 35. Kf2 Kf7 36. Ke3 Re8 37. Kd3 Kg6 38. Nc5 Rd8+ 39. Kc2
Bb6 40. Ne6 Rd6 41. Nf4+ Kf5 42. Nd3 h5 43. Re5+ Kg6 44. Rxb5 Rf6 45. Ne5+ Kh6
46. Nf3 g6 47. Rd5 Re6 48. b4 Be3 49. a4 Bf4 50. Nd4 Re3 51. a5 Rg3 52. b5
Rxg2+ 53. Kb3 Rg3 54. Ne2 Rf3 55. Nxf4 Rxf4 56. Rd7 Rf3 57. Rxa7 Rxh3 58. b6
Rh1 59. b7 Rb1+ 60. Kc4 g5 61. a6 g4 62. Ra8 g3 63. Rg8 h4 64. a7 Kh7 65. a8=Q
Rxb7 66. Qxb7+ Kxg8 67. Qf3 {Time forfeit} 1-0

[Event "Rated Blitz game"]
[Site "?"]
[Date "2021.10.17"]
[Round "?"]
[White "Lemuel23"]
[Black "GoughPhar"]
[Result "1-0"]
[WhiteElo "2565"]
[BlackElo "2477"]
[PlyCount "61"]
[EventDate "2021.??.??"]
[EventType "blitz"]

1. e4 e5 2. Nf3 d5 3. exd5 e4 4. Ng1 Nf6 5. d3 Bc5 6. d4 Bd6 7. c4 c5 8. Nc3
O-O 9. Be3 Nbd7 10. Be2 cxd4 11. Bxd4 Ne5 12. Qd2 Bf5 13. h3 Rc8 14. g4 Bg6 15.
g5 Nfd7 16. b3 Nc5 17. h4 Ncd3+ 18. Kf1 Bc5 19. Bxc5 Rxc5 20. h5 Bf5 21. Nh3 g6
22. Qe3 Rc7 23. Nxe4 Re7 24. Bxd3 Nxd3 25. Nf6+ Kh8 26. Qd4 Re5 27. hxg6 fxg6
28. Nf4 Rxf6 29. gxf6 Nxf4 30. Qxe5 Nd3 31. Qe7 {Normal} 1-0

[Event "Rated Blitz tournament 3aOtblIb"]
[Site "?"]
[Date "2021.10.17"]
[Round "?"]
[White "ErnestoRondon"]
[Black "Madjrs72"]
[Result "0-1"]
[WhiteElo "2284"]
[BlackElo "2452"]
[PlyCount "43"]
[EventDate "2021.??.??"]
[EventType "blitz"]

1. e4 e5 2. Nf3 d5 3. Nc3 dxe4 4. Nxe4 f5 5. Ng3 e4 6. Ng1 Nf6 7. Bc4 Nc6 8.
N1e2 Ne5 9. Bb3 Bd6 10. O-O Qe7 11. d3 Be6 12. dxe4 fxe4 13. Nc3 O-O-O 14.
Ncxe4 Nxe4 15. Nxe4 Bg4 16. Nxd6+ Rxd6 17. Qe1 Rd1 18. Bg5 Qxg5 19. Rxd1 Nf3+
20. Kh1 Nxe1 21. Rfxe1 Bxd1 22. Rxd1 {Normal} 0-1

[Event "Rated Blitz game"]
[Site "?"]
[Date "2021.10.17"]
[Round "?"]
[White "luismr15"]
[Black "Veysi13"]
[Result "0-1"]
[WhiteElo "2308"]
[BlackElo "2412"]
[PlyCount "130"]
[EventDate "2021.??.??"]
[EventType "blitz"]

1. e4 e5 2. Nf3 d5 3. exd5 e4 4. Nd4 Nf6 5. c3 Qxd5 6. Qb3 Qxb3 7. axb3 Bc5 8.
Nb5 Bb6 9. Be2 a6 10. O-O Bd7 11. N5a3 Nc6 12. Nc4 Ba7 13. Re1 O-O 14. d4 exd3
15. Bxd3 Ng4 16. Ne3 Nxe3 17. Bxe3 Bxe3 18. Rxe3 Rfe8 19. Rxe8+ Rxe8 20. Nd2
Ne5 21. Be4 c6 22. Kf1 f5 23. Bc2 g6 24. h3 Nf7 25. Rd1 Be6 26. Nf3 Kf8 27. Nd4
Bc8 28. c4 Rd8 29. f4 c5 30. Ne2 Rxd1+ 31. Bxd1 Nd6 32. Nc3 Be6 33. Bf3 b5 34.
Bd5 Bxd5 35. cxd5 Ke7 36. Ke2 Nb7 37. Ke3 Na5 38. b4 cxb4 39. Nd1 Nc4+ 40. Kd4
Kd6 41. g4 a5 42. g5 a4 43. h4 a3 44. bxa3 bxa3 45. Nc3 a2 46. Nxa2 Nd2 47. Nc3
Nf3+ 48. Ke3 Nxh4 49. Kd4 Nf3+ 50. Ke3 Nh2 51. Kd4 Nf3+ 52. Ke3 Ne1 53. Kd4
Nc2+ 54. Kd3 Nb4+ 55. Kd4 Nc2+ 56. Kd3 b4 57. Kxc2 bxc3 58. Kxc3 Kxd5 59. Kd3
Ke6 60. Kc4 Kf7 61. Kd5 Kg7 62. Ke6 h5 63. gxh6+ Kxh6 64. Kf6 Kh5 65. Ke5 Kg4 {
Normal} 0-1

[Event "Rated Blitz tournament eDRMeYv9"]
[Site "?"]
[Date "2021.10.17"]
[Round "?"]
[White "Gorgii07"]
[Black "Rikoboy"]
[Result "0-1"]
[WhiteElo "2411"]
[BlackElo "2404"]
[PlyCount "52"]
[EventDate "2021.??.??"]
[EventType "blitz"]

1. e4 e5 2. Nf3 d5 3. Qe2 dxe4 4. Qxe4 f6 5. d4 Bd6 6. dxe5 fxe5 7. Bg5 Nf6 8.
Bxf6 Qxf6 9. Nc3 O-O 10. Bc4+ Kh8 11. O-O-O Nc6 12. Kb1 Bf5 13. Qe3 Rae8 14.
Rhe1 Nb4 15. Bb3 a5 16. Nd5 Nxd5 17. Bxd5 b5 18. Be4 a4 19. Qd3 b4 20. Bxf5
Qxf5 21. Qc4 e4 22. Nd4 Qxf2 23. Re2 Qh4 24. g3 Qf6 25. b3 a3 26. Rde1 c5 {
Normal} 0-1

[Event "Rated Blitz game"]
[Site "?"]
[Date "2021.10.17"]
[Round "?"]
[White "Davigator"]
[Black "Annali-annaliew1979"]
[Result "1/2-1/2"]
[WhiteElo "2468"]
[BlackElo "2474"]
[PlyCount "142"]
[EventDate "2021.??.??"]
[EventType "blitz"]

1. e4 e5 2. Nf3 d5 3. Nxe5 Qe7 4. d4 f6 5. Nf3 dxe4 6. Ng1 f5 7. h4 Nf6 8. c3
Nc6 9. Nh3 Be6 10. Bb5 a6 11. Bxc6+ bxc6 12. Qa4 Qd7 13. Nf4 Bf7 14. Nd2 Bd6
15. Nc4 O-O 16. Be3 Nd5 17. Nxd5 Bxd5 18. g3 f4 19. gxf4 Bxf4 20. Ne5 Qf5 21.
O-O-O Bxe5 22. dxe5 Qxe5 23. c4 Be6 24. Qxc6 Rad8 25. Qc5 Rxd1+ 26. Rxd1 Qxc5
27. Bxc5 Rf4 28. b3 Rxh4 29. Rd8+ Kf7 30. Rf8+ Kg6 31. Re8 Kf6 32. Rf8+ Kg6 33.
Re8 Kf5 34. Re7 g5 35. Rxc7 g4 36. Rg7 h5 37. Be3 Rh3 38. Rg5+ Kf6 39. Ra5 Rf3
40. Kd2 Rh3 41. Rxa6 h4 42. Ra5 g3 43. fxg3 hxg3 44. c5 g2 45. Bf2 Rd3+ 46. Kc2
Rf3 47. Bd4+ Kg6 48. Ra6 Kf5 49. Ra7 e3 50. Rg7 Ke4 51. Bc3 Rf2+ 52. Kd1 Kd3
53. Be1 Rxa2 54. Kc1 Ke2 55. Rxg2+ Kxe1 56. Rxa2 Bxb3 57. Rb2 Bd5 58. Rb4 Kf2
59. Rb2+ e2 60. Rxe2+ Kxe2 61. Kc2 Ke3 62. Kc3 Bc6 63. Kb4 Kd4 64. Ka5 Kd5 65.
Kb6 Bd7 66. Kc7 Be8 67. Kb6 Ke6 68. c6 Kd6 69. c7 Bd7 70. Kb7 Ke7 71. c8=Q
Bxc8+ {Normal} 1/2-1/2

[Event "Rated Blitz game"]
[Site "?"]
[Date "2021.10.17"]
[Round "?"]
[White "luismr15"]
[Black "Veysi13"]
[Result "1-0"]
[WhiteElo "2305"]
[BlackElo "2416"]
[PlyCount "79"]
[EventDate "2021.??.??"]
[EventType "blitz"]

1. e4 e5 2. Nf3 d5 3. exd5 e4 4. Nd4 Qxd5 5. c3 Nf6 6. Qb3 Qe5 7. Bc4 Bc5 8.
Bxf7+ Kf8 9. Ne2 Nc6 10. Bc4 Na5 11. Qa4 Bd7 12. Bb5 Bxb5 13. Qxa5 Bxe2 14.
Kxe2 b6 15. Qa6 Nd5 16. Kd1 Bxf2 17. Rf1 e3 18. dxe3 Nxe3+ 19. Bxe3 Qxe3 20.
Qe2 Rd8+ 21. Nd2 Ke7 22. Rxf2 Rxd2+ 23. Qxd2 Rd8 24. Rf7+ Kxf7 25. Qxd8 Qg1+
26. Kc2 Qxa1 27. Qxc7+ Kf6 28. Qxa7 Qg1 29. g3 Qxh2+ 30. Kb3 Qxg3 31. Qxb6+ Kf5
32. a4 h5 33. a5 Qg2 34. a6 h4 35. Qb7 Qf1 36. Qd5+ Kg6 37. a7 Qa6 38. a8=Q
Qb6+ 39. Kc4 Qc7+ 40. Qac6+ {Normal} 1-0

[Event "Rated Blitz tournament eDRMeYv9"]
[Site "?"]
[Date "2021.10.17"]
[Round "?"]
[White "ImatSuhermatMN"]
[Black "arrashii"]
[Result "1-0"]
[WhiteElo "2404"]
[BlackElo "2352"]
[PlyCount "95"]
[EventDate "2021.??.??"]
[EventType "blitz"]

1. e4 e5 2. Nf3 d5 3. exd5 e4 4. Qe2 Nf6 5. Ng5 Qxd5 6. d3 Bf5 7. Nd2 Bb4 8. c3
Be7 9. dxe4 Bg4 10. exd5 Bxe2 11. Bxe2 Nxd5 12. Ngf3 Nf4 13. g3 Nxe2 14. Kxe2
Nc6 15. Nc4 O-O-O 16. Re1 b5 17. Nce5 Nxe5 18. Nxe5 Bc5 19. Nxf7 Rde8+ 20. Be3
Bxe3 21. fxe3 Rhf8 22. Ng5 Rf5 23. Nf3 g5 24. Rad1 h6 25. Nd4 Rfe5 26. Kd2 a6
27. b4 Re4 28. Re2 h5 29. Rf1 h4 30. Rf5 hxg3 31. hxg3 Rg4 32. Rg2 Rge4 33. Re2
Rg4 34. Rf3 Kd7 35. Kd3 Re7 36. e4 Re5 37. Ree3 c5 38. bxc5 Rxc5 39. Rf5 Rc4
40. a3 Ra4 41. e5 Rxa3 42. e6+ Ke8 43. Nc6 b4 44. Kc2 Rc4 45. Nxb4 a5 46. Nd5
Rc5 47. e7 Rxd5 48. Rf8+ {Normal} 1-0

[Event "Rated Blitz game"]
[Site "?"]
[Date "2021.10.17"]
[Round "?"]
[White "pacherock"]
[Black "Annali-annaliew1979"]
[Result "0-1"]
[WhiteElo "2533"]
[BlackElo "2521"]
[PlyCount "106"]
[EventDate "2021.??.??"]
[EventType "blitz"]

1. e4 e5 2. Nf3 d5 3. exd5 e4 4. Qe2 f5 5. d3 Nf6 6. Nbd2 Be7 7. dxe4 fxe4 8.
Nxe4 Nxe4 9. Qxe4 O-O 10. Bd3 Bf5 11. Qd4 Bxd3 12. Qxd3 Bd6 13. O-O Nd7 14. c4
b6 15. Be3 Rxf3 16. gxf3 Ne5 17. Qe4 Qf6 18. f4 Re8 19. fxe5 Rxe5 20. Qg4 h5
21. Qg2 Qf5 22. Kh1 Re4 23. h3 Rxc4 24. Rg1 Be5 25. Bg5 Rc2 26. Bh4 Rxb2 27.
Rae1 Bd4 28. Re8+ Kf7 29. Re7+ Kf8 30. Rxg7 Re2 31. Rg8+ Kf7 32. Qg6+ Qxg6 33.
R1xg6 Rxa2 34. Rg2 Ra4 35. Bd8 Be5 36. Rh8 Bxh8 37. Bxc7 Rd4 38. d6 Be5 39. Rg5
Bxd6 40. Bxd6 Rxd6 41. Rxh5 a5 42. Rb5 Ke7 43. Kg2 Kd7 44. h4 Kc6 45. Rb1 a4
46. Kg3 a3 47. h5 b5 48. Kg4 Kc5 49. Kg5 b4 50. h6 Rd8 51. h7 a2 52. Rc1+ Kb5
53. Kg6 b3 {Normal} 0-1

[Event "Rated Blitz game"]
[Site "?"]
[Date "2021.10.17"]
[Round "?"]
[White "antoszu"]
[Black "Annali-annaliew1979"]
[Result "1/2-1/2"]
[WhiteElo "2552"]
[BlackElo "2514"]
[PlyCount "147"]
[EventDate "2021.??.??"]
[EventType "blitz"]

1. e4 e5 2. Nf3 d5 3. Nxe5 Qe7 4. d4 f6 5. Nf3 dxe4 6. Nfd2 f5 7. Be2 Nf6 8.
O-O Nc6 9. c4 Nxd4 10. Nc3 Be6 11. Nb3 Nxb3 12. Qxb3 c6 13. Bg5 Qf7 14. Rfd1
Be7 15. Qxb7 O-O 16. b3 Rfc8 17. Qa6 h6 18. Bf4 Nd7 19. Bd6 Bf6 20. Rac1 Ne5
21. Qa5 Ng6 22. Bh5 Bg5 23. Rc2 Qf6 24. Ne2 e3 25. f4 Nh4 26. Ng3 g6 27. fxg5
Qxg5 28. Be2 c5 29. Qc3 f4 30. Qe5 Qxe5 31. Bxe5 fxg3 32. hxg3 Nf5 33. g4 Ng7
34. Bf3 Re8 35. Bxa8 Rxa8 36. Re1 Bxg4 37. Rxe3 Nf5 38. Rd3 Re8 39. Bc3 Nh4 40.
Rf2 Bf5 41. Rd6 Re3 42. Ba5 Rg3 43. Be1 Re3 44. Kf1 Bd3+ 45. Rxd3 Rxd3 46. Re2
Nf5 47. Re5 Rd1 48. Ke2 Ra1 49. Rxc5 Rxa2+ 50. Kd3 Rxg2 51. Bc3 Rg3+ 52. Kd2
Rg2+ 53. Kd3 Rg3+ 54. Kd2 h5 55. Rc6 h4 56. Rc8+ Kf7 57. Rh8 h3 58. c5 Rg2+ 59.
Kd3 h2 60. c6 Nd6 61. c7 Nb5 62. Be5 Rg3+ 63. Bxg3 Nxc7 64. Bxc7 Ke6 65. Rxh2
g5 66. Rh7 Kf5 67. Ke2 Kg6 68. Rd7 Kf6 69. Bg3 Ke6 70. Rxa7 Kf5 71. Ra5+ Kg4
72. Kf2 Kh3 73. Ra4 g4 74. Ra1 {Normal} 1/2-1/2

[Event "Rated Blitz tournament eDRMeYv9"]
[Site "?"]
[Date "2021.10.17"]
[Round "?"]
[White "Elank"]
[Black "Supali"]
[Result "1-0"]
[WhiteElo "2402"]
[BlackElo "2276"]
[PlyCount "31"]
[EventDate "2021.??.??"]
[EventType "blitz"]

1. e4 e5 2. Nf3 d5 3. Nc3 dxe4 4. Nxe4 f5 5. Ng3 e4 6. Ng1 Nf6 7. d3 exd3 8.
Bxd3 g6 9. Bb5+ c6 10. Qxd8+ Kxd8 11. Bc4 Kc7 12. Bf4+ Bd6 13. Bxd6+ Kxd6 14.
O-O-O+ Kc7 15. Nf3 b5 16. Bb3 {Time forfeit} 1-0

[Event "Rated Blitz game"]
[Site "?"]
[Date "2021.10.17"]
[Round "?"]
[White "IndioBrasileiro"]
[Black "alaeldin1212"]
[Result "0-1"]
[WhiteElo "2452"]
[BlackElo "2400"]
[PlyCount "52"]
[EventDate "2021.??.??"]
[EventType "blitz"]

1. e4 e5 2. Nf3 d5 3. Nxe5 Bd6 4. d4 dxe4 5. Nc3 Nf6 6. Bf4 O-O 7. Bc4 Be6 8.
Bxe6 fxe6 9. Bg3 Bb4 10. O-O Bxc3 11. bxc3 Nbd7 12. Re1 Nb6 13. c4 c5 14. dxc5
Qxd1 15. Raxd1 Na4 16. c6 bxc6 17. Nxc6 Kf7 18. Rb1 Nc3 19. Rb7+ Kg8 20. a3 Kh8
21. Be5 Rfc8 22. Na5 Na4 23. Bxf6 gxf6 24. Rxe4 Nc5 25. Rf4 Nxb7 26. Nxb7 Rab8
{Normal} 0-1

[Event "Rated Blitz game"]
[Site "?"]
[Date "2021.10.17"]
[Round "?"]
[White "itugvochess"]
[Black "sillierchess"]
[Result "1-0"]
[WhiteElo "2265"]
[BlackElo "2432"]
[PlyCount "59"]
[EventDate "2021.??.??"]
[EventType "blitz"]

1. e4 e5 2. Nf3 d5 3. exd5 Bd6 4. d4 e4 5. Ne5 Nf6 6. Bg5 O-O 7. c4 Re8 8. Nc3
Bf5 9. Be2 h6 10. Bxf6 Qxf6 11. Ng4 Qg6 12. Ne3 Nd7 13. Nxf5 Qxf5 14. O-O Nf6
15. c5 Bf4 16. g3 Bg5 17. h4 Bxh4 18. gxh4 Qh3 19. Qd2 e3 20. Qe1 Qxh4 21. f4
Qh3 22. Rf3 Qf5 23. Qh4 Rad8 24. Rg3 Kh7 25. Rd1 g6 26. Bd3 Ne4 27. Nxe4 Rxe4
28. Bxe4 Qxe4 29. Qxd8 Qxf4 30. Rg2 {Normal} 1-0

[Event "Rated Blitz game"]
[Site "?"]
[Date "2021.10.17"]
[Round "?"]
[White "vitsky2020"]
[Black "seph_osorio79"]
[Result "0-1"]
[WhiteElo "2447"]
[BlackElo "2349"]
[PlyCount "74"]
[EventDate "2021.??.??"]
[EventType "blitz"]

1. e4 e5 2. Nf3 d5 3. exd5 e4 4. Ne5 Qxd5 5. Nc4 Bc5 6. Ne3 Qg5 7. d3 Nf6 8.
Nc3 exd3 9. Qxd3 O-O 10. Be2 Nc6 11. a3 Ne5 12. Qb5 Bxe3 13. Bxe3 Qf5 14. O-O-O
c6 15. Qc5 Neg4 16. Qxf5 Bxf5 17. Bc5 Rfd8 18. h3 Ne5 19. g4 Be6 20. Rxd8+ Rxd8
21. Bxa7 h6 22. Rd1 Re8 23. f4 Ned7 24. f5 Bd5 25. Bf1 Bf3 26. Bd3 Bxd1 27.
Kxd1 Ne5 28. Be2 Nd5 29. Nxd5 cxd5 30. Bd4 Nc4 31. a4 Re4 32. Bc3 d4 33. Be1
Nxb2+ 34. Kd2 Rf4 35. a5 Re4 36. Bg3 Re7 37. Bf2 Rd7 {Time forfeit} 0-1

[Event "Rated Blitz game"]
[Site "?"]
[Date "2021.10.17"]
[Round "?"]
[White "ElDecano"]
[Black "RCompany_1"]
[Result "1-0"]
[WhiteElo "2469"]
[BlackElo "2468"]
[PlyCount "79"]
[EventDate "2021.??.??"]
[EventType "blitz"]

1. e4 e5 2. Nf3 d5 3. exd5 e4 4. Ne5 Qxd5 5. d4 exd3 6. Nxd3 Nc6 7. Nc3 Qa5 8.
Bd2 Bf5 9. Be2 O-O-O 10. O-O Nd4 11. Bg4 Nf6 12. Bxf5+ Qxf5 13. Ne2 Nxc2 14.
Rc1 Rxd3 15. Qxc2 Bd6 16. Ng3 Qd5 17. Bb4 Rd8 18. Bxd6 Qxd6 19. Nf5 Qb6 20.
Nxg7 Kb8 21. Nf5 Rd2 22. Qc4 Rxb2 23. Qxf7 Ng4 24. Ng3 Nxf2 25. Rxf2 Qxf2+ 26.
Qxf2 Rxf2 27. Kxf2 Rd2+ 28. Kf3 Rxa2 29. Re1 b5 30. Ne4 Kb7 31. h4 a5 32. g4 b4
33. g5 Kb6 34. h5 b3 35. g6 b2 36. Rb1 hxg6 37. hxg6 Ra3+ 38. Kf4 Rb3 39. g7 a4
40. g8=Q {Normal} 1-0

[Event "Rated Blitz tournament URGnpj6J"]
[Site "?"]
[Date "2021.10.17"]
[Round "?"]
[White "Mukhammadzokhid"]
[Black "Cresswell"]
[Result "0-1"]
[WhiteElo "2463"]
[BlackElo "2538"]
[PlyCount "32"]
[EventDate "2021.??.??"]
[EventType "blitz"]

1. e4 e5 2. Nf3 d5 3. Bc4 dxc4 4. O-O Nc6 5. Qe2 Be6 6. Rd1 Nf6 7. d3 cxd3 8.
Rxd3 Qe7 9. b3 Rd8 10. Rxd8+ Qxd8 11. Bb2 Bd6 12. Nbd2 O-O 13. Rd1 Qe7 14. Nc4
Bxc4 15. Qxc4 Ba3 16. h3 Bxb2 {Normal} 0-1

[Event "Rated Blitz game"]
[Site "?"]
[Date "2021.10.17"]
[Round "?"]
[White "Severynin92"]
[Black "Veronica_Mars"]
[Result "0-1"]
[WhiteElo "2455"]
[BlackElo "2483"]
[PlyCount "42"]
[EventDate "2021.??.??"]
[EventType "blitz"]

1. e4 e5 2. Nf3 d5 3. Nxe5 Bd6 4. d4 dxe4 5. Bc4 Bxe5 6. dxe5 Qxd1+ 7. Kxd1 Nc6
8. Bf4 Nge7 9. Re1 Bg4+ 10. Kc1 Ng6 11. Bg3 O-O-O 12. Nc3 Ngxe5 13. Bxe5 Nxe5
14. Rxe4 Nxc4 15. Rxg4 Ne5 16. Rxg7 Rd7 17. Rg3 Rhd8 18. b3 Rd2 19. f3 Rf2 20.
Kb2 Rdd2 21. Rc1 Nd3+ {Normal} 0-1

[Event "Rated Blitz game"]
[Site "?"]
[Date "2021.10.17"]
[Round "?"]
[White "AllIsRelativity"]
[Black "Veronica_Mars"]
[Result "0-1"]
[WhiteElo "2490"]
[BlackElo "2472"]
[PlyCount "58"]
[EventDate "2021.??.??"]
[EventType "blitz"]

1. e4 e5 2. Nf3 d5 3. Nxe5 Bd6 4. d4 dxe4 5. Bc4 Bxe5 6. dxe5 Qxd1+ 7. Kxd1 Nc6
8. Bf4 Bg4+ 9. Kc1 Nge7 10. Nc3 Ng6 11. Bg3 Ngxe5 12. Bb5 O-O-O 13. Nxe4 Bf5
14. Nc3 a6 15. Bxc6 Nxc6 16. Rd1 Nd4 17. Rd2 Rhe8 18. b3 Re1+ 19. Kb2 Rxa1 20.
Kxa1 Nxc2+ 21. Rxc2 Bxc2 22. Kb2 Bf5 23. Kc1 Rd3 24. Na4 b5 25. Nb2 Rc3+ 26.
Kd1 Rc2 27. Be5 f6 28. Bd4 c5 29. g4 cxd4 {Normal} 0-1

[Event "Rated Blitz game"]
[Site "?"]
[Date "2021.10.17"]
[Round "?"]
[White "Lean98"]
[Black "geptil"]
[Result "0-1"]
[WhiteElo "2529"]
[BlackElo "2459"]
[PlyCount "34"]
[EventDate "2021.??.??"]
[EventType "blitz"]

1. e4 e5 2. Nf3 d5 3. exd5 e4 4. Nd4 Qxd5 5. Nb3 Nf6 6. Nc3 Qf5 7. Be2 Qg6 8.
O-O Bh3 9. g3 Nc6 10. Re1 O-O-O 11. d3 h5 12. Qd2 Nb4 13. a3 Nxc2 14. Qxc2 exd3
15. Bxd3 Rxd3 16. Nb5 Rxg3+ 17. fxg3 Qxc2 {Normal} 0-1

[Event "Rated Blitz tournament eDRMeYv9"]
[Site "?"]
[Date "2021.10.17"]
[Round "?"]
[White "Arifars17"]
[Black "yatayo"]
[Result "0-1"]
[WhiteElo "2437"]
[BlackElo "2454"]
[PlyCount "59"]
[EventDate "2021.??.??"]
[EventType "blitz"]

1. e4 e5 2. Nf3 d5 3. d4 dxe4 4. Nxe5 Nd7 5. Nc4 Ngf6 6. Nc3 c5 7. d5 Nb6 8.
Ne3 Bd6 9. a3 O-O 10. a4 Bf4 11. a5 Bxe3 12. Bxe3 Nbxd5 13. Bxc5 Re8 14. Bb5
Bd7 15. Bxd7 Qxd7 16. O-O Nxc3 17. bxc3 Qf5 18. Bd4 Nd5 19. Re1 Nf4 20. Be3
Rad8 21. Qb1 Nd5 22. Bd4 Rd7 23. Qb5 a6 24. Qc5 Qg6 25. Be3 h6 26. Rad1 Red8
27. Bc1 Nf4 28. Bxf4 Rxd1 29. Qe3 Qg4 30. Bg3 {Normal} 0-1

[Event "Rated Blitz tournament bI29ro7P"]
[Site "?"]
[Date "2021.10.17"]
[Round "?"]
[White "ibrahimovicss"]
[Black "daelovaaa"]
[Result "1/2-1/2"]
[WhiteElo "2368"]
[BlackElo "2452"]
[PlyCount "86"]
[EventDate "2021.??.??"]
[EventType "blitz"]

1. e4 e5 2. Nf3 d5 3. exd5 e4 4. Qe2 Nf6 5. Nc3 Be7 6. Nxe4 O-O 7. d3 Qxd5 8.
c4 Qh5 9. Bd2 Bg4 10. O-O-O Nc6 11. h3 Nd4 12. Qe3 Nxf3 13. hxg4 Qxh1 14. gxf3
Nxe4 15. fxe4 Rad8 16. Be2 Qh4 17. f4 b6 18. d4 Rfe8 19. Bf3 g5 20. f5 Qg3 21.
Rg1 Qf4 22. Qc3 Qd6 23. Be3 c5 24. e5 cxd4 25. exd6 dxc3 26. dxe7 Rd3 27. Bxg5
Rxf3 28. Bf6 cxb2+ 29. Kxb2 Rf4 30. Kc3 Rc8 31. Rd1 Rfxc4+ 32. Kb2 Re8 33. Rd8
Rc8 34. g5 h6 35. g6 fxg6 36. fxg6 h5 37. Rd5 Rc6 38. Rd8 Rc8 39. Kb3 h4 40.
Rd4 Rc6 41. Rd8 Rc8 42. Rd4 Rc6 43. Rd8 Rc8 {Normal} 1/2-1/2